Champions de Chypre de football - Statistiques

Statistiques générales
  • Ce quiz a été pris 33 fois
  • Le résultat moyen est 3 sur 12
Statistiques - réponses
Saison Champion % Correct
1936 APOEL Nicosie
94%
1991 Apollon Limassol
47%
1961 Omonia Nicosie
38%
2025 Paphos FC
28%
1950 Anorthosis Famagouste
25%
1941 AEL Limassol
22%
2023 Aris Limassol
16%
1967 Olympiakos Nicosie
9%
1951 Çetinkaya Türk SK
0%
1935 Enosis Neon Trust
0%
1945 EPA Larnaca
0%
1954 Pezoporikos Larnaca
0%
Aucun quiz correspondant
Distribution des résultats
% des personnes avec chaque résultat
Percentile par nombre de réponses
Votre historique - résultats
Vous n’avez pas pris ce quiz